Statistiques concernant Autour de Questions pour un champion

Cliquez ici pour prendre le quiz!

Statistiques générales

  • Ce quiz a été pris 17 fois
  • Le résultat moyen est 10 sur 37

Statistiques - réponses

HintRéponse% Correct
Présentateurs1988-2016Julien {Lepers}
100%
GénéralitésChaine de diffusion principaleFrance 3
93%
PrésentateursDepuis 2016Samuel {Etienne}
93%
GénéralitésLe jeu a été créé en1988
80%
Présentateurs2022Cyril {Féraud}
80%
Etapes2e manche4 à la suite
67%
Etapes1ère manche9 points gagnants
60%
Etapes3e mancheFace à face
60%
Emissions spécialesGEGrandes Ecoles
47%
Présentateurs1994Patrice {Laffont}
40%
ParodiesLes Inconnus - Questions...pour du {pognon}
40%
Récompenses obtenues7 d'or - Meilleur jeu télévisé en1991
33%
GénéralitésIl est adapté d'un programmeanglais | britannique
33%
GénéralitésChaine de rediffusionTV5 Monde
33%
GénéralitésL'émission estquotidienne
27%
Présentateurs1994Vincent {Perrot}
27%
Récompenses obtenues7 d'or - Meilleur jeu télévisé en1998
20%
Récompenses obtenues7 d'or - Meilleure émission de divertissement1999
20%
Emissions spécialesMMasters
20%
EtapesEn cas d'égalitéJeu décisif
13%
Emissions spécialesLFLangue française
13%
Emissions spécialesLLycées
13%
Emissions spécialesCCélébrités
7%
Emissions spécialesFFamilles
7%
Meilleurs joueurs en gains (quotidienne)27300 €{Nicolas} Hanot
7%
Meilleurs joueurs en nombre de victoires (quotidienne)18 victoires{Nicolas} Hanot
7%
Meilleurs joueurs en gains avec la cagnotte75 500 €{André}
0%
Meilleurs joueurs en nombre de victoires (quotidienne)14 victoires{Aude} Burot
0%
Meilleurs joueurs en gains (quotidienne)24300 €{Bertrand}
0%
Meilleurs joueurs en nombre de victoires (quotidienne)8 victoires{Camille} Labeaune
0%
Meilleurs joueurs en gains (quotidienne)28300 €{Camille} Labeaune
0%
Meilleurs joueurs en gains avec la cagnotte47900 €{Jean-Philippe} Kosmala
0%
Meilleurs joueurs en gains avec la cagnotte57 400 €{Pascal}
0%
ParodiesCyril Hanouna - Questions...pour un {kebab}
0%
ParodiesLes Nuls - Questions...pour un {lampion}
0%
ParodiesArtus - Questions...pour un {shampooing}
0%
ParodiesLes Minikeums - Questions...{sous} un lampion
0%

Distribution des résultats

Percentile par nombre de réponses

% des personnes avec chaque résultat

Votre développement - résultats

Vous n’avez pas pris ce quiz